000 012670000a22003250004500
003 EG-GICUC
005 20250223030445.0
008 061228s2003 ua d f m 000 0 eng d
040 _aEG-GICUC
_beng
_cEG-GICUC
041 0 _aEng
049 _aDeposite
097 _aM.Sc
099 _aCai01.13.05.M.Sc.2003.Sh.M
100 0 _aSherin Fouad Abd El hamid Sharf Eldin
245 1 0 _aMinimum cost design of continuous prestressed concrete beams /
_cSherin Fouad Abd El hamid Sharf Eldin ; Supervised Amir Bayoumy Ibrahim Khalil , Metwally Abd El Aziz Ahmed
246 1 5 _aالتصميم الاقتصادى الامثل للكمرات الخرسانية المستمرة سابقة الاجهاد
260 _aCairo :
_bSherin Fouad Abd El hamid Sharf Eldin ,
_c2003
300 _a160P :
_bcharts ;
_c30cm
502 _aThesis (M.Sc.) - Cairo University - Faculty Of Engineering - Department Of Civil Engineering
530 _aIssued also as CD
653 4 _aDesign
653 4 _aMinim
653 4 _aPrestressed
700 0 _aAmir Bayoumy Ibrahim Khalil ,
_eSupervisor
700 0 _aMetwally Abd El aziz Ahmed ,
_eSupervisor
856 _uhttp://172.23.153.220/th.pdf
905 _aAml
_eCataloger
905 _aEsam
_eRevisor
942 _2ddc
_cTH
999 _c35089
_d35089